| 000 | 00639nam a2200181Ia 4500 | ||
|---|---|---|---|
| 008 | 100920s9999 xx 000 0 und d | ||
| 082 |
_b60974 _a61 थ 85 |
||
| 100 | _aशिरवाडकर वसंत. | ||
| 245 | _aऊर्जेच्या शोधात. | ||
| 260 |
_bपृथ्वी प्रकाशन ,मुंबई. _c1985 |
||
| 300 |
_a72 _bसाधी |
||
| 365 | _b12 | ||
| 520 | _aस्थानिक वाचन. | ||
| 630 | _aऊर्जेच्या शोधात. | ||
| 650 | _aस्थानिक वाचन. | ||
| 730 | _aऊर्जेच्या शोधात. | ||
| 942 | _cBOOK | ||
| 999 |
_c704213 _d704210 |
||